000 00287nam a22001337a 4500
008 180922b xxu||||| |||| 00| 0 eng d
020 _a9780737304237
041 _aeng
080 _a616.8-006
100 _a6
101 _aKAN
245 _aCancer Pain
_cCicala, R.S
942 _2udc
_cBK
999 _c48290
_d48290